男子200m歴代Top10 世界/日本 -2025.9 - Statistics

General Stats
  • This quiz has been taken 23 times
  • The average score is 10 of 20
Answer Stats
Time Year Answer % Correct
19.19 2009 ウサイン・ボルト
100%
19.58 2009 タイソン・ゲイ
78%
20.03 2003 末續慎吾
72%
20.08 2019 サニブラウン・アブデル・ハキーム
72%
19.26 2011 ヨハン・ブレーク
67%
19.31 2022 ノア・ライルズ
67%
19.46 2024 レツィレ・テボゴ
61%
20.11 2016 飯塚翔太
61%
19.57 2015 ジャスティン・ガトリン
56%
19.32 1996 マイケル・ジョンソン
50%
2025 鵜澤飛羽
44%
20.22 2009 髙平慎士
44%
20.16 1998 伊東浩司
39%
19.49 2022 エリヨン・ナイトン
33%
20.14 2015 髙瀬慧
33%
20.23 2018 小池祐貴
33%
20.13 2015 藤光謙司
22%
19.53 2011 ウォルター・ディックス
17%
2024 水久保漱至
11%
2024 ケニー・べドナレク
6%
No matching quizzes found
Score Distribution
Percent of People with Each Score
Percentile by Number Answered
Your Score History
You have not taken this quiz